The bejewelled Buddha from india to burma/ (Record no. 198831)

MARC details
000 -LEADER
fixed length control field 00563nam a22001817a 4500
005 - DATE AND TIME OF LATEST TRANSACTION
control field 20231023143732.0
010 ## - LCCN (DPL NO)
LC control number ENG-138286
020 ## - INTERNATIONAL STANDARD BOOK NUMBER
Terms of availability 1595.00
International Standard Book Number 9788190995009
035 ## - SYSTEM CONTROL NUMBER
System control number EN-121818
037 ## - SOURCE OF ACQUISITION
Source of stock number/acquisition DBAD/PUB
082 ## - DEWEY DECIMAL CLASSIFICATION NUMBER
Classification number 704.948
100 ## - MAIN ENTRY--PERSONAL NAME
Personal name Claudine Bautze-Picron
245 ## - TITLE STATEMENT
Title The bejewelled Buddha from india to burma/
Statement of responsibility, etc Claudine Bautze-Picron
260 ## - PUBLICATION, DISTRIBUTION, ETC. (IMPRINT)
Place of publication, distribution, etc Delhi
Name of publisher, distributor, etc Sanctum books
Date of publication, distribution, etc 2010
270 ## - ADDRESS
City Delhi
Address 68 Medical Association Road Darya ganj
Postal code 110002
300 ## - PHYSICAL DESCRIPTION
Extent 326p.
Dimensions 25cm(hb)
942 ## - ADDED ENTRY ELEMENTS (KOHA)
Source of classification or shelving scheme Dewey Decimal Classification
Item type English Books
Classification part 704.948
Call number suffix CLA
Holdings
Withdrawn status Lost status Not for loan Collection code Home library Current library Date acquired Source of acquisition Cost, normal purchase price Full call number Barcode Copy number Cost, replacement price Koha item type
      Non-fiction Bawana Bawana 23/10/2023 DBAD/PUB 1595.00 704.948 CLA EN-121818 1 1595.00 English Books

© Delhi Public Library
Hit Counter
free hit counter